MARC details
| 000 -CABECERA |
| campo de control de longitud fija |
03238nam a2200289 a 4500 |
| 003 - IDENTIFICADOR DEL NÚMERO DE CONTROL |
| campo de control |
OSt |
| 005 - FECHA Y HORA DE LA ÚLTIMA TRANSACCIÓN |
| campo de control |
20251103145254.0 |
| 007 - CAMPO FIJO DE DESCRIPCIÓN FÍSICA--INFORMACIÓN GENERAL |
| campo de control de longitud fija |
cr ||||||a|c|a |
| 008 - DATOS DE LONGITUD FIJA--INFORMACIÓN GENERAL |
| campo de control de longitud fija |
230516b2020 mx ad||fom||| 001 0 spa d |
| 040 ## - FUENTE DE LA CATALOGACIÓN |
| Normas de descripción |
rda |
| 100 1# - ENTRADA PRINCIPAL--NOMBRE DE PERSONA |
| 9 (RLIN) |
186996 |
| Nombre de persona |
Rivero Romo, Zeltzin Nataly |
| 245 10 - MENCIÓN DE TÍTULO |
| Título |
Evaluación de promotores de brotación en vid (Vitis venifera L.) Red Globe / |
| Mención de responsabilidad, etc. |
por Zeltzin Nataly Rivero Romo y Emmanuel Bautista Reyes; director de tesis Eduardo Campos Rojas |
| 264 #1 - PRODUCCIÓN, PUBLICACIÓN, DISTRIBUCIÓN, FABRICACIÓN Y COPYRIGHT |
| Producción, publicación, distribución, fabricación y copyright |
Chapingo, México : |
| Nombre del de productor, editor, distribuidor, fabricante |
El autor, |
| Fecha de producción, publicación, distribución, fabricación o copyright |
2020. |
| 300 ## - DESCRIPCIÓN FÍSICA |
| Extensión |
1 recurso en línea (65 páginas): |
| Otras características físicas |
ilustraciones, cuadros, gráficas |
| 336 ## - TIPO DE CONTENIDO |
| Fuente |
rdacontent |
| Término de tipo de contenido |
texto |
| Código de tipo de contenido |
txt |
| 337 ## - TIPO DE MEDIO |
| Fuente |
rdamedia |
| Nombre/término del tipo de medio |
computadora |
| Código del tipo de medio |
c |
| 338 ## - TIPO DE SOPORTE |
| Fuente |
rdacarrier |
| Nombre/término del tipo de soporte |
recurso en línea |
| Código del tipo de soporte |
cr |
| 502 ## - NOTA DE TESIS |
| Tipo de título |
Ingeniero Agrónomo Especialista en Fitotecnia |
| Nombre de la institución que otorga el título |
Departamento de Enseñanza, Investigación y Servicio en Fitotecnia, |
| Año de obtención del título |
2020. |
| Información miscelánea |
Licenciatura |
| 504 ## - NOTA DE BIBLIOGRAFÍA, ETC. |
| Nota de bibliografía, etc. |
Incluye referencias bibliográficas: páginas 60-65 |
| 520 ## - SUMARIO, ETC. |
| Sumario, etc. |
El estado de Aguascalientes ocupa el quinto lugar en producción nacional de uva de mesa con una cosecha anual de 11,999 ton; la fecha de cosecha en el estado coincide con la saturación del mercado aparentemente de julio hasta septiembre dando como resultado una baja rentabilidad. Por lo que una estrategia será producir fruto fresco en las primeras semanas de junio para aprovechar los precios más atractivos en el mercado, esto adelantando la fecha de floración mediante el uso de promotores de brotación. Se evaluó dos promotores de brotación, Thidiazurón a una concentración de 300 ppm y Extracto de Ajo al 10% en la variedad ‛Red Globe’ el experimento se desarrolló en el Centro de Investigación Regional Norte Centro Campo Experimental Pabellón (CEPAB), del Instituto Nacional de Investigaciones Forestales, Agrícolas y pecuarias (INIFAP). Se establecieron tres tratamientos en los cuales la poda y el riego fueron de manera anticipada: Thidiazurón a 300 ppm, Extracto de Ajo al 10% y sin promotor de brotación, además de un testigo INIFAP (poda + riego en fechas convencionales sin promotor de brotación), con un diseño de bloques al azar generalizado, teniendo 6 bloques y 2 repeticiones por tratamiento en cada bloque. La fecha de brotación con el uso de Thidiazurón a 300 ppm, Extracto de Ajo al 10%, poda más riego anticipado sin promotor de brotación se adelantó 4 días de la fecha convencional; alcanzando su máxima brotación para el día juliano DJ 90 (31 de marzo), mientras que el tratamiento testigo INIFAP (poda + riego en fechas convencionales sin promotor de brotación) alcanzó este porcentaje hasta el día juliano 97 (7 de abril). Los tratamientos de Thidiazurón a 300 ppm, Extracto de Ajo al 10 % y riego más poda anticipados sin promotor de brotación no mostraron diferencias estadísticas significativas; siendo el tratamiento testigo INIFAP (poda + riego en fechas convencionales sin promotor de brotación) el único que se diferenció con un porcentaje menor de brotación acumulada. |
| 650 #4 - PUNTO DE ACCESO ADICIONAL DE MATERIA--TÉRMINO DE MATERIA |
| 9 (RLIN) |
119135 |
| Término de materia o nombre geográfico como elemento de entrada |
Vid |
| Subdivisión general |
Propagación |
| 650 #4 - PUNTO DE ACCESO ADICIONAL DE MATERIA--TÉRMINO DE MATERIA |
| 9 (RLIN) |
119103 |
| Término de materia o nombre geográfico como elemento de entrada |
Vid |
| Subdivisión general |
Crecimiento |
| 700 1# - PUNTO DE ACCESO ADICIONAL--NOMBRE DE PERSONA |
| 9 (RLIN) |
186997 |
| Nombre de persona |
Bautista Reyes, Emmanuel |
| 700 1# - PUNTO DE ACCESO ADICIONAL--NOMBRE DE PERSONA |
| 9 (RLIN) |
18135 |
| Nombre de persona |
Campos Rojas, Eduardo |
| Término indicativo de función/relación |
director. |
| 856 ## - LOCALIZACIÓN Y ACCESO ELECTRÓNICOS |
| Identificador Uniforme del Recurso |
http://10.13.5.2/tesis/tl/Rivero_Romo_Zeltzin_Nataly.pdf |
| Nota pública |
DESCARGAR PDF |
| 942 ## - ELEMENTOS DE PUNTO DE ACCESO ADICIONAL (KOHA) |
| Fuente del sistema de clasificación o colocación |
Clasificación Universidad Autónoma Chapingo |
| Tipo de ítem Koha |
Tesis digital |